| 000 | 00577nam a2200205 i 4500 | ||
|---|---|---|---|
| 001 | 76908 | ||
| 003 | ES-MaACL | ||
| 005 | 20250710062724.0 | ||
| 007 | t| | ||
| 008 | 041005s1957 fr ||||1| fre d | ||
| 100 | 1 |
_aGuilbaud, G. T. _960689 |
|
| 245 | 1 | 3 |
_aLa cybernétique / _cpar G.-Th. Guilbaud. |
| 250 | _a[2eme ed.]. | ||
| 260 |
_aParis : _bPresses Universitaires de France, _c1957. |
||
| 300 |
_a135 p. : _bil. ; _c18 cm. |
||
| 490 | 1 |
_aQue sais-je? ; _v638 |
|
| 830 | 0 | 0 |
_aQue sais-je? _v638 _9180931 |
| 852 |
_aES-MaACL _jC-15622 _bR.43472 |
||
| 999 |
_c76908 _d76908 |
||